Técnicas de comunicacão (Record no. 42631)

MARC details
000 -Etiqueta do registo
Valores 00703cam a2200241 04500
021 ## - Número do Depósito Legal
Número 97285/96
100 ## - Dados gerais de processamento
Dados gerais 19960706d1996 m y0pory5003 ba
101 0# - Língua de publicação
Língua por
102 ## - País de publicação
País PT
200 1# - Titulo e menção de responsabilidade
Título próprio Técnicas de comunicacão
Informação de outro título publicidade, propaganda, relacões públicas
Primeira menção de responsabilidade J. Martins Lampreia
Outras menções de responsabilidade pref. Philippe Dupont
205 ## - Menção da edição
Edição 7<U+00AA> ed
210 #9 - Publicação
Local de publicação Mem Martins
Nome do editor Publicações Europa-América,
Data de publicação D.L. 1996
215 ## - Descrição física 
Paginação / Volumes 139 p.
Dimensões 18 cm
225 2# - Colecção 
Título próprio da colecção Saber
Indicação de volume 140
675 ## - CDU
Notação 659
Edição BN
Língua por
675 ## - CDU
Notação 659.1
Edição BN
Língua por
675 ## - CDU
Notação 659.4
Edição BN
Língua por
700 #1 - Autor principal
Apelido Lampreia,
Nome J. Martins,
Datas 1948-2020
702 #1 - Autor secundário
Apelido Dupont,
Nome Philippe
Função 080
801 #0 - Fonte de origem
País PT
Agência BN
Regras de catalogação RPC
990 ## - Elementos KOHA
Tipo de documento Livro
Holdings
Aquisição Empréstimo Código de barras Cota Permissão de empréstimo Tipo de documento
Biblioteca Escolar Doutor Hernâni Cidade Biblioteca Escolar Doutor Hernâni Cidade 55877 659 LAM PUBLICIDADE   Livro

Powered by Koha